<?xml version="1.0" encoding="UTF-8"?><?xml-stylesheet type="text/xsl" href="static/style.xsl"?><OAI-PMH xmlns="http://www.openarchives.org/OAI/2.0/" xmlns:xsi="http://www.w3.org/2001/XMLSchema-instance" xsi:schemaLocation="http://www.openarchives.org/OAI/2.0/ http://www.openarchives.org/OAI/2.0/OAI-PMH.xsd"><responseDate>2026-04-18T04:04:30Z</responseDate><request verb="GetRecord" identifier="oai:www.recercat.cat:10459.1/469804" metadataPrefix="marc">https://recercat.cat/oai/request</request><GetRecord><record><header><identifier>oai:recercat.cat:10459.1/469804</identifier><datestamp>2026-03-23T19:24:31Z</datestamp><setSpec>com_2072_3622</setSpec><setSpec>col_2072_479130</setSpec></header><metadata><record xmlns="http://www.loc.gov/MARC21/slim" xmlns:dcterms="http://purl.org/dc/terms/" xmlns:xsi="http://www.w3.org/2001/XMLSchema-instance" xmlns:doc="http://www.lyncode.com/xoai" xsi:schemaLocation="http://www.loc.gov/MARC21/slim http://www.loc.gov/standards/marcxml/schema/MARC21slim.xsd">
   <leader>00925njm 22002777a 4500</leader>
   <datafield ind2=" " ind1=" " tag="042">
      <subfield code="a">dc</subfield>
   </datafield>
   <datafield ind2=" " ind1=" " tag="720">
      <subfield code="a">Cano-Manuel, Alejandro</subfield>
      <subfield code="e">author</subfield>
   </datafield>
   <datafield ind2=" " ind1=" " tag="720">
      <subfield code="a">Enrique Granados, José</subfield>
      <subfield code="e">author</subfield>
   </datafield>
   <datafield ind2=" " ind1=" " tag="720">
      <subfield code="a">Álvarez-García,  Gema</subfield>
      <subfield code="e">author</subfield>
   </datafield>
   <datafield ind2=" " ind1=" " tag="720">
      <subfield code="a">Huertas-López, Ana</subfield>
      <subfield code="e">author</subfield>
   </datafield>
   <datafield ind2=" " ind1=" " tag="720">
      <subfield code="a">Diezma-Díaz, Carlos</subfield>
      <subfield code="e">author</subfield>
   </datafield>
   <datafield ind2=" " ind1=" " tag="720">
      <subfield code="a">Cano-Manuel, Francisco Javier</subfield>
      <subfield code="e">author</subfield>
   </datafield>
   <datafield ind2=" " ind1=" " tag="720">
      <subfield code="a">Ortega-Mora, Luis Miguel</subfield>
      <subfield code="e">author</subfield>
   </datafield>
   <datafield ind2=" " ind1=" " tag="720">
      <subfield code="a">Fandos, Paulino</subfield>
      <subfield code="e">author</subfield>
   </datafield>
   <datafield ind2=" " ind1=" " tag="720">
      <subfield code="a">Mentaberre García, Gregorio</subfield>
      <subfield code="e">author</subfield>
   </datafield>
   <datafield ind2=" " ind1=" " tag="720">
      <subfield code="a">López-Olvera, Jorge Ramón</subfield>
      <subfield code="e">author</subfield>
   </datafield>
   <datafield ind2=" " ind1=" " tag="720">
      <subfield code="a">Martínez-Carrasco, Carlos</subfield>
      <subfield code="e">author</subfield>
   </datafield>
   <datafield ind2=" " ind1=" " tag="260">
      <subfield code="c">2025</subfield>
   </datafield>
   <datafield ind2=" " ind1=" " tag="520">
      <subfield code="a">Knowledge of pathogen epidemiological dynamics and habitat ecological features is essential for wildlife population and health monitoring and management. Toxoplasma gondii and Neospora caninum are two broadly distributed multi-host parasites that affect both wild and domestic animals and, in the case of T. gondii, cause zoonosis. This study reports the seroprevalence of both parasites in Iberian ibex (Capra pyrenaica), a mountain wild ruminant native to the Iberian Peninsula, from the Natural Space of Sierra Nevada (NSSN) in southeastern Spain. Serum from 146 Iberian ibexes were analysed using two in-house ELISA techniques. The positive and doubtful sera were further checked by Western Blot (WB). Seventeen ibexes (11.6 %; 95 % confidence interval 6.4-16.7) were positive for T. gondii and seven (4.8 %; 95 % confidence interval 1.3-8.2) for N. caninum. However, no sera were positive to T. gondii nor to N. caninum by WB. Using at least two different serological techniques is recommended when they are not validated for the target host species. The NSSN is a hypoendemic area for T. gondii and N. caninum, probably determined by the reduced abundance and restricted distribution of their definitive hosts. This would explain the hypoendemic situation in the NSSN and the lack of specific antibodies against these two parasites in the Iberian ibex population. This eco-epidemiological scenario can be challenged by climate and anthropogenic changes, recommending long-term monitoring Iberian ibex population and health, both as a conservation measure for the species and as an indicator of the potential impact of global change on high mountain ecosystems.</subfield>
   </datafield>
   <datafield ind2=" " ind1=" " tag="520">
      <subfield code="a">This study was performed within the context of the Educational Collaboration Agreement signed by the University of Murcia and the Consejería de Medio Ambiente y Ordenación del Territorio of the Junta de Andalucía. The authors are grateful by the support received by the research group RNM-118 from the Plan Andaluz de Investigación. The study benefitted from funding of the Spanish Ministerio de Economía y Competitividad through the grants CGL2012-40043-C02-01, CGL2012- 40043-C02-02, and CGL2016-80543-P. Ana Huertas-López was supported by a postdoctoral contract Margarita Salas (University of Murcia) from the Program of Requalification of the Spanish University System (Spanish Ministry of Universities) financed by the European Union — NextGenerationEU [grant number R-1593/2022]. Special thanks are also due to the park rangers and fieldworkers of the NSSN and, particularly, to José López Pérez, Isidro Puga González, Elías Martínez Ortiz, Apolo Sánchez Lao and Antonio Rodríguez Dueñas for their professional and personal involvement in the study.</subfield>
   </datafield>
   <datafield ind1="8" ind2=" " tag="024">
      <subfield code="a">https://hdl.handle.net/10459.1/469804</subfield>
   </datafield>
   <datafield tag="653" ind2=" " ind1=" ">
      <subfield code="a">ELISA</subfield>
   </datafield>
   <datafield tag="653" ind2=" " ind1=" ">
      <subfield code="a">Eco-epidemiology</subfield>
   </datafield>
   <datafield tag="653" ind2=" " ind1=" ">
      <subfield code="a">Iberian ibex</subfield>
   </datafield>
   <datafield tag="653" ind2=" " ind1=" ">
      <subfield code="a">Neospora caninum</subfield>
   </datafield>
   <datafield ind2="0" ind1="0" tag="245">
      <subfield code="a">Seronegativity of Iberian ibex (Capra pyrenaica) against Toxoplasma gondii and Neospora caninum is consistent with eco-epidemiological and environmental features in Mediterranean mountainous areas</subfield>
   </datafield>
</record></metadata></record></GetRecord></OAI-PMH>